| 000 | 01228nam a2200373 a 4500 | ||
|---|---|---|---|
| 001 | vtls000354496 | ||
| 003 | NLI | ||
| 005 | 20250312153754.0 | ||
| 008 | 110113s2008 ii e 001 0 eng d | ||
| 020 |
_a9780195696998 _cRs.795.00 |
||
| 040 |
_aNLI : _beng _cNLMARC21 |
||
| 041 | 0 | _aeng | |
| 044 | _aii | ||
| 082 | 0 | 4 |
_222nd ed. _a342.5402 _bC 441 |
| 100 | 1 |
_aChinnappa Reddy, O. _qOntethupalli _9527372 |
|
| 245 | 1 | 4 |
_aThe court and the constitution of India : _bsummits and shallows/ _cO. Chinnappa Reddy; with a foreword by Upendra Baxi and an introduction by A. S. Anand |
| 260 |
_aNew Delhi : _bOxford University Press, _c2008 |
||
| 300 |
_ali, 337 p.; _c22 cm. |
||
| 500 | _aLibrary has 2 cops. | ||
| 504 | _aIncludes bibliographical references and index | ||
| 610 | 1 | 0 |
_aIndia _bSupreme Court _91601387 |
| 610 | 1 | 0 |
_aIndia _tConstitution _9381629 |
| 650 | 0 |
_aJudicial power _zIndia _99701 |
|
| 650 | 0 |
_aCourts _zIndia _9387259 |
|
| 650 | 0 |
_aJustice, Administration of _zIndia _95641 |
|
| 887 | _aSantanu Chanda | ||
| 887 | _aAtanu Mitra 21 | ||
| 901 |
_aDB107920 _b13.1.09 |
||
| 902 | _aE 342.5402 C 441 | ||
| 904 | _aSantanu Chanda | ||
| 942 |
_2ddc _cBKS |
||
| 949 | _6DBA000107920ENG | ||
| 999 |
_c314331 _d314331 |
||